[Event "Bad Bertrich Seniors op 17th"]
[Site "Bad Bertrich"]
[Date "2009.12.12"]
[Round "9"]
[White "Kneip, Jakob1111"]
[Black "Puetz, Rudolf"]
[Result "1-0"]
[WhiteElo "1509"]
[BlackElo "1466"]
[PlyCount "133"]
[EventDate "2009.12.04"]
[EventType "swiss"]
[EventRounds "9"]
[EventCountry "GER"]
[SourceTitle "EXT 2022"]
[Source "ChessBase"]
[SourceDate "2021.10.06"]
[SourceVersion "1"]
[SourceVersionDate "2021.10.06"]
[SourceQuality "1"]

1. e4 c6 2. d4 d5 3. Nc3 e6 4. a3 g6 5. b4 a6 6. Nf3 Bg7 7. e5 Ne7 8. Bd3 0-0 9. 0-0 Nd7 10. h3 f6 11. Bf4 fxe5 12. Bxe5 Nxe5 13. Nxe5 Nf5 14. Bxf5 Rxf5 15. f4 Qh4 16. Qg4 Qxg4 17. hxg4 Rf8 18. g5 Bxe5 19. dxe5 b6 20. Ne2 c5 21. c3 Bd7 22. a4 Bc6 23. Kf2 Rad8 24. Rfd1 Rd7 25. Kg3 Rfd8 26. Kf2 d4 27. cxd4 cxd4 28. g3 Be4 29. Ra2 Bd5 30. Rb2 Bc4 31. Nc1 b5 32. a5 Kg7 33. Rbd2 h6 34. gxh6+ Kxh6 35. Kf3 g5 36. Rh2+ Kg6 37. Kg4 gxf4 38. Rdh1 Rg7 39. Rh6+ Kf7+ 40. Kxf4 Rf8 41. Rf6+ Kg8 42. Rxf8+ Kxf8 43. Rd1 Rf7+ 44. Ke4 Bd5+ 45. Kxd4 Rc7 46. Nd3 Rc4+ 47. Ke3 Re4+ 48. Kf2 Bc4 49. Nc5 Re2+ 50. Kf3 Rb2 51. Rd8+ Ke7 52. Rd7+ Ke8 53. Ra7 Rxb4 54. Rxa6 Ke7 55. Ra7+ Ke8 56. a6 Bd5+ 57. Ke3 Rc4 58. Nb7 b4 59. Nd6+ Kf8 60. Nxc4 Bxc4 61. Kd4 Bd5 62. Rc7 b3 63. Kc3 Ke8 64. a7 Kd8 65. Rh7 Kc8 66. g4 Bf3 67. g5 1-0

[Event "Bad Bertrich Seniors op 17th"]
[Site "Bad Bertrich"]
[Date "2009.12.11"]
[Round "8"]
[White "Puetz, Rudolf"]
[Black "Fuchs, Willy"]
[Result "1/2-1/2"]
[WhiteElo "1466"]
[BlackElo "1468"]
[PlyCount "76"]
[EventDate "2009.12.04"]
[EventType "swiss"]
[EventRounds "9"]
[EventCountry "GER"]
[SourceTitle "EXT 2022"]
[Source "ChessBase"]
[SourceDate "2021.10.06"]
[SourceVersion "1"]
[SourceVersionDate "2021.10.06"]
[SourceQuality "1"]

1. e4 c6 2. c4 d5 3. cxd5 cxd5 4. e5 e6 5. d4 Bd7 6. Nf3 Nc6 7. a3 a6 8. Nc3 b5 9. Be2 Nge7 10. 0-0 Ng6 11. Ng5 Be7 12. f4 Bxg5 13. fxg5 0-0 14. Bh5 Qb6 15. Ne2 Ncxe5 16. Kh1 Nc6 17. Be3 Rac8 18. Qd2 Na5 19. Qe1 Nc4 20. Bc1 Qb8 21. b3 Nd6 22. Bxg6 fxg6 23. Bf4 Qb6 24. Rc1 Nf5 25. Rxc8 Bxc8 26. Be5 Qd8 27. h4 Ne3 28. Rf3 Rxf3 29. gxf3 Qf8 30. Nf4 Nf5 31. Kh2 Qxa3 32. Qc3 Qf8 33. Kh3 Qe8 34. Qc7 Qd7 35. Qc5 Qd8 36. Qc7 Qd7 37. Qc5 Qe8 38. Qc7 Qd7 1/2-1/2

[Event "Bad Bertrich Seniors op 17th"]
[Site "Bad Bertrich"]
[Date "2009.12.08"]
[Round "5"]
[White "Puetz, Rudolf"]
[Black "Dewald, Hans Peter"]
[Result "0-1"]
[WhiteElo "1466"]
[BlackElo "1692"]
[PlyCount "64"]
[EventDate "2009.12.04"]
[EventType "swiss"]
[EventRounds "9"]
[EventCountry "GER"]
[SourceTitle "EXT 2022"]
[Source "ChessBase"]
[SourceDate "2021.10.06"]
[SourceVersion "1"]
[SourceVersionDate "2021.10.06"]
[SourceQuality "1"]

1. c4 c5 2. Nc3 Nf6 3. g3 g6 4. Bg2 Bg7 5. e3 0-0 6. Nge2 d6 7. 0-0 Nc6 8. f4 Rb8 9. b3 Bg4 10. Bb2 Qd7 11. Rb1 Bh3 12. d3 Bxg2 13. Kxg2 Ng4 14. Qd2 Nb4 15. a3 Nc6 16. h3 Nf6 17. Rh1 a6 18. Ba1 e6 19. Rbf1 Ne7 20. e4 Rfd8 21. Rd1 Qc6 22. Kg1 b5 23. Kh2 Rd7 24. Rhe1 h5 25. Qe3 b4 26. axb4 Rxb4 27. Rb1 Rdb7 28. Nc1 Rb8 29. Re2 Kh7 30. Ra2 Nfg8 31. d4 cxd4 32. Qxd4 Bxd4 0-1

[Event "RLP-ch MTB 27th"]
[Site "Hoeheinoed"]
[Date "2008.06.29"]
[Round "4"]
[White "Puetz, Rudolf"]
[Black "Weller, Werner"]
[Result "0-1"]
[WhiteElo "1488"]
[BlackElo "1952"]
[PlyCount "118"]
[EventDate "2008.06.27"]
[EventType "swiss"]
[EventRounds "7"]
[EventCountry "GER"]
[SourceTitle "EXT 2009"]
[Source "ChessBase"]
[SourceDate "2008.11.26"]
[SourceVersion "1"]
[SourceVersionDate "2008.11.26"]
[SourceQuality "1"]

1. c4 Nf6 2. Nc3 g6 3. b3 Bg7 4. Bb2 0-0 5. g3 c6 6. Bg2 d5 7. cxd5 cxd5 8. e3 Bg4 9. f3 Bd7 10. Nge2 Nc6 11. 0-0 e5 12. d3 Qb6 13. d4 exd4 14. Na4 Qa5 15. exd4 b6 16. a3 Qa6 17. Re1 Rfe8 18. Bf1 Qb7 19. Nac3 b5 20. b4 a5 21. bxa5 Nxa5 22. Ra2 Nc4 23. Qc1 h5 24. Bg2 Kh7 25. Ra1 Bh6 26. Qc2 Qb6 27. Bc1 Bg7 28. Bg5 Nxa3 29. Qb3 b4 30. Bxf6 Bxf6 31. Nxd5 Bxd4+ 32. Kh1 Qa7 33. Nxd4 Qxd4 34. Rad1 Rxe1+ 35. Rxe1 Be6 36. Rd1 Qe5 37. f4 Bxd5 38. Qxd5 Qxd5 39. Rxd5 Rb8 40. Be4 b3 41. Rd1 b2 42. Bb1 Rc8 43. Ba2 Rc1 44. Rg1 Rxg1+ 45. Kxg1 b1Q+ 46. Bxb1 Nxb1 47. Kf2 Kg7 48. h4 f5 49. Ke3 Nc3 50. Kd3 Ne4 51. Ke3 Nxg3 52. Kf3 Ne4 53. Ke3 Kf6 54. Kf3 Ke6 55. Ke3 Kd5 56. Kd3 Nc5+ 57. Ke3 Ne6 58. Kf3 Kd4 59. Kg3 Ke4 0-1

[Event "RLP-ch MTB 27th"]
[Site "Hoeheinoed"]
[Date "2008.06.28"]
[Round "3"]
[White "Puetz, Rudolf"]
[Black "Tratar, Willi"]
[Result "0-1"]
[WhiteElo "1488"]
[BlackElo "1846"]
[PlyCount "114"]
[EventDate "2008.06.27"]
[EventType "swiss"]
[EventRounds "7"]
[EventCountry "GER"]
[SourceTitle "EXT 2009"]
[Source "ChessBase"]
[SourceDate "2008.11.26"]
[SourceVersion "1"]
[SourceVersionDate "2008.11.26"]
[SourceQuality "1"]

1. c4 d5 2. e3 dxc4 3. Bxc4 Nf6 4. Nc3 e6 5. Nf3 c5 6. Ne5 a6 7. 0-0 Bd6 8. f4 0-0 9. Be2 Bxe5 10. fxe5 Nd5 11. d4 Nc6 12. Ne4 b6 13. a3 Qh4 14. Bf3 c4 15. Bd2 Rb8 16. Qe2 b5 17. Nd6 Bd7 18. Be1 Qg5 19. Bd2 Qd8 20. Bxd5 exd5 21. Nxf7 Rxf7 22. Rxf7 Kxf7 23. Qf3+ Kg8 24. Qxd5+ Kh8 25. Rf1 Ne7 26. Qf7 a5 27. d5 Be8 28. Qf8+ Ng8 29. d6 Bd7 30. Qxd8 Rxd8 31. Bxa5 Ra8 32. Bc3 Nh6 33. h3 Kg8 34. g4 Nf7 35. Kh2 Re8 36. Rd1 Nxe5 37. Kg3 Kf7 38. Bxe5 Rxe5 39. Kf4 Ke6 40. e4 Bc6 41. Rd4 g5+ 42. Ke3 Kd7 43. Kf3 Re6 44. Ke3 Rxd6 45. e5 Rd5 46. Rxd5+ Bxd5 47. Kd4 Kc6 48. e6 Bxe6 49. Ke5 Bd5 50. Kf6 Bg2 51. Kxg5 Bxh3 52. Kh4 Bf1 53. Kg3 Kc5 54. Kf2 Bh3 55. Kg3 Bxg4 56. Kxg4 b4 57. axb4+ Kxb4 0-1